000
00342pab a2200145 454500
008
180718b2004 xxu||||| |||| 00| 0 eng d
100
_a
Surendra Mohan
245
_a
Globalisation, market and human dignity
260
_c
2004
300
_a
p.13-15.
362
_a
17 Jan
650
_a
Globalization
773
_a
Mainstream
909
_a
59245
999
_c
59245
_d
59245